All in one Electronics Simplified (Record no. 7060)

MARC details
000 -LEADER
fixed length control field 00293nam a2200121Ia 4500
008 - FIXED-LENGTH DATA ELEMENTS--GENERAL INFORMATION
fixed length control field 191201s2018 xx 000 0 und d
100 ## - MAIN ENTRY--PERSONAL NAME
Personal name MAINI, Anil K.
245 #0 - TITLE STATEMENT
Title All in one Electronics Simplified
260 ## - PUBLICATION, DISTRIBUTION, ETC. (IMPRINT)
Name of publisher, distributor, etc Khanna Pub.
Date of publication, distribution, etc 2018
300 ## - PHYSICAL DESCRIPTION
Extent 890
650 ## - SUBJECT ADDED ENTRY--TOPICAL TERM
Topical term or geographic name as entry element B.Tech(ECE)
942 ## - ADDED ENTRY ELEMENTS (KOHA)
Source of classification or shelving scheme Dewey Decimal Classification
Koha item type Text Books
Holdings
Withdrawn status Lost status Source of classification or shelving scheme Damaged status Not for loan Collection code Home library Current library Date acquired Source of acquisition Cost, normal purchase price Bill Number Total Checkouts Full call number Acc. no. / Barcode Date last seen Actual Cost, discounted price Bill Date Koha item type Date last borrowed
    Dewey Decimal Classification     B.Tech(ECE) PIET C-LIBRARY PIET C-LIBRARY 21/07/2020 Kirti Prakashan 699.00 IN 3972   621.38 MAA 31288 04/12/2019 510.27 24/05/2019 Text Books  
    Dewey Decimal Classification     B.Tech(ECE) PIET C-LIBRARY PIET C-LIBRARY 21/07/2020 Kirti Prakashan 699.00 IN 3972   621.381 MAE 31289 04/12/2019 510.27 24/05/2019 Text Books  
    Dewey Decimal Classification     B.Tech(ECE) PIET C-LIBRARY PIET C-LIBRARY 21/07/2020 Kirti Prakashan 699.00 IN 3972 1 621.381 MAE 31290 18/01/2020 510.27 24/05/2019 Text Books 02/01/2020
    Dewey Decimal Classification     B.Tech(ECE) PIET C-LIBRARY PIET C-LIBRARY 21/07/2020 Kirti Prakashan 699.00 IN 3972   621.381 MAE 31291 04/12/2019 510.27 24/05/2019 Text Books  
    Dewey Decimal Classification     B.Tech(ECE) PIET C-LIBRARY PIET C-LIBRARY 21/07/2020 Kirti Prakashan 699.00 IN 3972   621.381 MAE 31292 04/12/2019 510.27 24/05/2019 Text Books  

Design & Developed by: PIET Central Library
R70 Miles Stone Pattikalyana Samalkha Panipat 132102
mail ID :- [email protected], Phone No:- 0180-2569700 Ex.216